| 000 | 00374nam a2200169Ia 4500 | ||
|---|---|---|---|
| 003 | 0100 | ||
| 008 | 130303s9999 xx 000 0 und d | ||
| 040 | _cARRUPELIB | ||
| 050 | _aHV6534.A7B351986 | ||
| 100 | _aBaldwin, James | ||
| 245 | 4 | _aThe Evidence of things not seen | |
| 260 | _aNY | ||
| 260 | _bHenry Holt, INC | ||
| 260 | _C1986 | ||
| 300 | _a125p | ||
| 942 | 0 | 0 | _02 |
| 999 |
_c22724 _d22724 |
||